Hệ thống các bài tập về chuyển động đều trong chương trình toán lớp 4, lớp 5.
Những vấn đề lý luận chung...Hệ thống và phân loại các bài tập về chuyển động đều trong chương trình toán lớp 4,lớp 5...Xây dựng một số bài tập hổ trợ cho học sinh...Thực nghiệm sư phạm , một số ý kiến đề xuất...
Uloženo v:
| Hlavní autor: | |
|---|---|
| Další autoři: | |
| Médium: | Kniha |
| Jazyk: | Vietnamese |
| Vydáno: |
Đại học Sư Phạm
Đại học Đà Nẵng
2009
|
| Témata: | |
| Tagy: |
Přidat tag
Žádné tagy, Buďte první, kdo otaguje tento záznam!
|
| Thư viện lưu trữ: | Mạng thư viện Đại học Đà Nẵng |
|---|
| LEADER | 01275nam a2200301 4500 | ||
|---|---|---|---|
| 001 | 000011809 | ||
| 003 | 8082 | ||
| 005 | 20120210140204.0 | ||
| 008 | 120210s2009 viesd | ||
| 041 | |a vie | ||
| 072 | |a Khóa luận tốt nghiệp -Giaó dục tiểu học mầm non | ||
| 082 | |a 372.7 |b NG-L | ||
| 100 | 1 | |a Nguyễn, Thị Thanh Lan | |
| 245 | 1 | |a Hệ thống các bài tập về chuyển động đều trong chương trình toán lớp 4, lớp 5. |c Nguyễn, Thị Thanh Lan | |
| 260 | |a Đại học Sư Phạm |b Đại học Đà Nẵng |c 2009 | ||
| 300 | |a 96 tr. |c 29 cm. | ||
| 500 | |a Khóa luận tốt nghiệp | ||
| 520 | |a Những vấn đề lý luận chung...Hệ thống và phân loại các bài tập về chuyển động đều trong chương trình toán lớp 4,lớp 5...Xây dựng một số bài tập hổ trợ cho học sinh...Thực nghiệm sư phạm , một số ý kiến đề xuất... | ||
| 653 | |a Toán |a Lớp 5 |a Lớp 4 | ||
| 700 | |a Lê, Tử Tín |c Th.S |e Người hướng dẫn | ||
| OWN | |a LSP | ||
| 999 | |a From the UDN01 | ||
| TYP | |a Monograph | ||
| TYP | |a Printed language | ||
| 980 | |a Mạng thư viện Đại học Đà Nẵng | ||